Ngôn ngữ văn hóa Nam bộ

Nội dung sách giới thiệu về tự nhiên, xã hội và bản chất của người Nam Bộ, đặc điểm tiếng Việt nam Bộ, ngôn ngữ văn hoá Nam Bộ. Với những luận chứng được trích dẫn, khoa học, cụ thể....

ver descrição completa

Na minha lista:
Detalhes bibliográficos
Autor principal: Hồ, Xuân Mai
Formato: Livro
Idioma:Undetermined
Publicado em: Hà Nội Chính trị Quốc gia - Sự thật 2015
Assuntos:
Tags: Adicionar Tag
Sem tags, seja o primeiro a adicionar uma tag!
Thư viện lưu trữ: Trung tâm Học liệu Trường Đại học Cần Thơ
LEADER 00964nam a2200205Ia 4500
001 CTU_207523
008 210402s9999 xx 000 0 und d
020 |c 64000 
082 |a 306.4409597 
082 |b M103 
100 |a Hồ, Xuân Mai 
245 0 |a Ngôn ngữ văn hóa Nam bộ 
245 0 |c Hồ Xuân Mai 
260 |a Hà Nội 
260 |b Chính trị Quốc gia - Sự thật 
260 |c 2015 
520 |a Nội dung sách giới thiệu về tự nhiên, xã hội và bản chất của người Nam Bộ, đặc điểm tiếng Việt nam Bộ, ngôn ngữ văn hoá Nam Bộ. Với những luận chứng được trích dẫn, khoa học, cụ thể. 
650 |a Dialect geography,Ngôn ngữ, văn hoá và xã hội,Phương ngữ,Language, culture, and society 
904 |i Qhieu 
980 |a Trung tâm Học liệu Trường Đại học Cần Thơ